Studies in the humanities

Bibliographic Details
Format: Unknown
Language:English
Published: Indiana : Indiana University of Pennsylvania,
Subjects:
Online Access:Acceso restringido

MARC

LEADER 00000ny a22000003n 4500
005 20110512104821.0
008 071017c19uu9999us fr pss 0 a0eng d
022 |a 0039-3800 
035 |a 3168 
040 |a BUS  |d vLex 
080 |a 009(05) 
090 |c 1735  |d 1735 
245 3 0 |a Studies in the humanities  |h [Recurso electrn̤ico] 
256 |a Servicio en ln̕ea 
260 |a Indiana :   |b Indiana University of Pennsylvania,  
310 |a Semestral 
506 1 |a Contenido solo disponible en los productos indicados  |d vLex Global  |d vLex Global (Academic Edition, excluding Law Schools)  |d vLex Global (Academic Edition, Law Schools) 
650 0 4 |a Humanidades  |x Publicaciones perid̤icas 
740 0 |a vLex Revista (Servicios en ln̕ea) 
843 |a Electrn̤ica. Abierta 
853 |8 1  |i (year)  |j (month)  |k (day) 
856 4 0 |z Acceso restringido  |u http://vlex.com/account/login_ip?fuente_id=3168  
942 |c REV